Les 47 villes européennes comptant plus d'un million d'habitants - Statistiques

Statistiques générales
  • Ce quiz a été pris 1 324 fois
  • Le résultat moyen est 38 sur 47
Statistiques - réponses
Population Ville % Correct
11 514 330 / Russie Moscou
100%
10 601 122 / France Paris
100%
4 933 548 / Espagne Barcelone
99%
9 787 426 / Royaume-Uni Londres
99%
5 787 392 / Espagne Madrid
99%
3 592 509 / Italie Rome
99%
3 097 843 / Grèce Athènes
98%
3 501 872 / Allemagne Berlin
98%
2 805 867 / Ukraine Kiev
98%
2 811 543 / Portugal Lisbonne
98%
1 600 238 / France Lyon
98%
1 570 325 / France Marseille
98%
1 958 115 / Belgique Bruxelles
97%
3 056 107 / Italie Milan
97%
1 889 202 / Roumanie Bucarest
95%
1 734 398 / Hongrie Budapest
95%
1 699 888 / Autriche Vienne
95%
1 102 405 / Irlande Dublin
94%
2 553 379 / Royaume-Uni Manchester
94%
1 702 689 / Pologne Varsovie
94%
1 192 357 / Danemark Copenhague
93%
1 261 221 / République Tchèque Prague
93%
1 056 698 / Pays-Bas Amsterdam
92%
2 215 805 / Italie Naples
92%
4 848 742 / Russie Saint-Pétersbourg
92%
1 359 972 / Suède Stockholm
92%
1 121 945 / Finlande Helsinki
91%
1 378 176 / Allemagne Munich
91%
1 285 345 / Portugal Porto
91%
1 846 994 / Biélorussie Minsk
90%
1 736 536 / Italie Turin
89%
1 199 651 / Bulgarie Sofia
88%
1 032 611 / France Lille
86%
1 246 599 / Suisse Zurich
84%
1 160 454 / Serbie Belgrade
82%
1 798 836 / Allemagne Hambourg
78%
2 440 986 / Royaume-Uni Birmingham
74%
1 017 155 / Allemagne Cologne
64%
1 222 955 / Royaume-Uni Glasgow
63%
1 009 187 / Ukraine Odessa
47%
1 143 546 / Russie Kazan
34%
1 021 244 / Russie Volgograd
33%
1 089 851 / Russie Rostov-sur-le-Don
26%
1 250 615 / Russie Nijni-Novgorod
25%
1 452 699 / Ukraine Kharkov
17%
1 164 896 / Russie Samara
16%
1 062 300 / Russie Oufa
10%
Aucun quiz correspondant
Distribution des résultats
% des personnes avec chaque résultat
Percentile par nombre de réponses
Votre historique - résultats
Vous n’avez pas pris ce quiz